000 00504nam a2200181Ia 4500
003 GCL
008 140319s9999 xx 000 0 ara d
040 _aGCL /
_cGCL
082 0 4 _a813.01
_bى ف
100 1 _aيوسف ادريس
245 1 0 _aفقر الفكر وفكر الفقر /
_cيوسف ادريس
260 _a[S.N] :
_bدار المستقبل العربى ،
_c1988
300 _a263 ص
490 _a
650 0 4 _aالشرق الاوسط
650 0 4 _aالسياسة
942 _2ddc
_cBK
999 _c43524
_d43524